Normal view
MARC view
Entry Personal Name
001 - CONTROL NUMBER
- control field: 14776
003 - CONTROL NUMBER IDENTIFIER
- control field: OSt
005 - DATE AND TIME OF LATEST TRANSACTION
- control field: 20250307013722.0
008 - FIXED-LENGTH DATA ELEMENTS
- fixed length control field: 250307|| aca||aabn | a|a d
040 ## - CATALOGING SOURCE
- Original cataloging agency: OSt
- Transcribing agency: OSt
100 ## - HEADING--PERSONAL NAME
- Personal name: Mercado, Joana June L., author
670 ## - SOURCE DATA FOUND
- Source citation: Work cat.: (OSt): Mercado, Joana June L., author., Course preferences of 4th year secondary students of selected high school in rosario, cavite, 2011
